| Tag |
First Indicator |
Second Indicator |
Subfields |
| LEADER |
00000cam a2200000Ia 4500 |
| 001 |
in00002087613 |
| 005 |
20190326103232.0 |
| 007 |
cr un--------- |
| 008 |
050725s2005 gw a b 101 0 eng d |
| 010 |
|
|
|a 2005928674
|
| 015 |
|
|
|a GBA562378
|2 bnb
|
| 016 |
7 |
|
|a 013253385
|2 Uk
|
| 020 |
|
|
|a 3540269738
|
| 024 |
3 |
|
|a 9783540269731
|
| 035 |
|
|
|a (OCoLC)ocm61137945
|
| 040 |
|
|
|a CUS
|c CUS
|d CUS
|d UKM
|d C$Q
|d BAKER
|d DLC
|d IQU
|d TXA
|d UtOrBLW
|
| 049 |
|
|
|a TXAM
|
| 050 |
|
4 |
|a QA76.9.D3
|b B75 2005
|
| 082 |
0 |
4 |
|a 005.74
|2 22
|
| 111 |
2 |
|
|a British National Conference on Databases
|n (22nd :
|d 2005 :
|c Sunderland, England (Tyne and Wear)
|
| 245 |
1 |
0 |
|a Database :
|b enterprise, skills and innovation : 22nd British National Conference on Databases, BNCOD 22, Sunderland, UK, July 5-7, 2005 : proceedings /
|c Mike Jackson, David Nelson, Sue Stirk (eds.).
|
| 246 |
3 |
0 |
|a Database, enterprise, skills and innovation
|
| 246 |
3 |
0 |
|a 22nd British National Conference on Databases
|
| 246 |
3 |
|
|a Twenty-second British National Conference on Databases
|
| 246 |
3 |
0 |
|a British National Conference on Databases
|
| 246 |
3 |
0 |
|a BNCOD 22
|
| 264 |
|
1 |
|a Berlin ;
|a New York :
|b Springer,
|c [2005]
|
| 264 |
|
4 |
|c ©2005
|
| 300 |
|
|
|a xii, 184 pages :
|b illustrations ;
|c 24 cm.
|
| 336 |
|
|
|a text
|b txt
|2 rdacontent
|
| 337 |
|
|
|a computer
|b c
|2 rdamedia
|
| 338 |
|
|
|a online resource
|b cr
|2 rdacarrier
|
| 490 |
1 |
|
|a Lecture notes in computer science,
|x 0302-9743 ;
|v 3567
|
| 504 |
|
|
|a Includes bibliographical references and index.
|
| 505 |
0 |
|
|a Spatio-temporal databases -- Data integration and information retrieval -- XML -- Applied information management.
|
| 530 |
|
|
|a Also issued online.
|
| 650 |
|
0 |
|a Databases
|v Congresses.
|
| 650 |
|
0 |
|a Information storage and retrieval systems
|v Congresses.
|
| 653 |
1 |
|
|a Key technologies
|
| 653 |
1 |
|
|a Data management
|
| 653 |
1 |
|
|a Databases
|
| 653 |
1 |
|
|a BNCOD
|
| 700 |
1 |
|
|a Jackson, M. S.
|q (Mike S.)
|
| 700 |
1 |
|
|a Nelson, David,
|c Ph. D.
|
| 700 |
1 |
|
|a Stirk, Sue.
|
| 830 |
|
0 |
|a Lecture notes in computer science.
|x 0302-9743 ;
|v 3567.
|
| 856 |
4 |
1 |
|u http://proxy.library.tamu.edu/login?url=http://springerlink.metapress.com/openurl.asp?genre=issue&issn=0302-9743&volume=3567
|z Connect to the full text of this electronic book
|t 0
|
| 994 |
|
|
|a C0
|b TXA
|
| 948 |
|
|
|a cataloged
|b h
|c 2005/12/16
|d c
|e blrosas
|f 8:43:25 am
|
| 999 |
|
|
|a MARS
|
| 999 |
f |
f |
|s 062b6118-6799-36e5-95e2-3cbc90ad6f6f
|i 06ea02fb-c98c-32ea-b7df-0398463cecee
|t 0
|
| 952 |
f |
f |
|p ric
|a Texas A&M University
|b Rellis Campus
|c Joint Library Facility
|d Remote Storage
|t 0
|e QA76.9.D3 B75 2005
|h Library of Congress classification
|i computer -- online resource
|m A14833390986
|
| 998 |
f |
f |
|a QA76.9.D3 B75 2005
|t 0
|l Remote Storage
|